Nawadarat-e- Allama Iqbal (Record no. 16401)

000 -LEADER
fixed length control field 00358nam a22001457a 4500
003 - CONTROL NUMBER IDENTIFIER
control field OSt
040 ## - CATALOGING SOURCE
Original cataloging agency 0
082 ## - DEWEY DECIMAL CLASSIFICATION NUMBER
Classification number 839.4391
Author Mark MAL 2015
100 ## - MAIN ENTRY--PERSONAL NAME
Personal name Malik, Nadeem Shafiq
245 ## - TITLE STATEMENT
Title Nawadarat-e- Allama Iqbal
Statement of responsibility, etc. Dr.Nadeem Shafiq Malik
260 ## - PUBLICATION, DISTRIBUTION, ETC.
Place of publication, distribution, etc. Lahore
Name of publisher, distributor, etc. Fiction house
Date of publication, distribution, etc. 2015
300 ## - PHYSICAL DESCRIPTION
Extent 336 p.
Other physical details HB
Dimensions 24 cm
650 ## - SUBJECT ADDED ENTRY--TOPICAL TERM
Topical term or geographic name entry element Allama Iqbal
942 ## - ADDED ENTRY ELEMENTS (KOHA)
Source of classification or shelving scheme
Koha item type Book
Holdings
Withdrawn status Lost status Source of classification or shelving scheme Damaged status Not for loan Permanent Location Current Location Shelving location Date acquired Total Renewals Full call number Barcode Date last seen Price effective from Koha item type Collection code Total Checkouts
          Central Library (CL) Central Library (CL) General Stacks 05/17/2016 1 928.914391 MAL CIPS0002847 03/30/2022 05/17/2016 Book    
          Centre for International Peace & Stability (CIPS) Centre for International Peace & Stability (CIPS) General Stacks 05/17/2016   839.4391 MAL 2015 CIPS0002846 05/17/2016 05/17/2016 Book    
© 2023 Central Library, National University of Sciences and Technology. All Rights Reserved.